| 000 | 01556cam a2200409 4500 | ||
|---|---|---|---|
| 999 |
_c1644 _d1644 |
||
| 001 | 1615210 | ||
| 003 | OSt | ||
| 005 | 20230117075535.0 | ||
| 008 | 180213s2017 enka j 000 1 eng d | ||
| 020 |
_a9781474927840 _q(pbk.) : |
||
| 035 | _a(OCoLC)1027164167 | ||
| 040 |
_aKML _beng _cKML _dNTBC _dKH8 _eccr |
||
| 041 | 0 | _aeng | |
| 042 | _anbic | ||
| 082 | 0 | _a428.6 MAC | |
| 100 | 1 |
_aMackinnon, Mairi, _eauthor. |
|
| 245 | 1 | 2 |
_aA midsummer night's dream / _cretold by Mairi Mackinnon ; illustrated by Simona Bursi. |
| 260 |
_aLondon : _bUsborne Publishing Ltd., _c2017. |
||
| 300 |
_a1 volume. 47 pages : _bcolour illustrations ; _c24 cm. |
||
| 490 | 1 | _aUsborne English readers. Level 3. | |
| 500 | _a"From the play by William Shakespeare"--Cover. | ||
| 500 | _a"With activities and free audio"--Cover. | ||
| 500 | _aAudio accessed by scanning a QR code on the back cover. | ||
| 600 | 0 | 0 |
_aTheseus, _cKing of Athens _vJuvenile fiction. |
| 600 | 0 | 0 |
_aHippolyta _c(Greek mythological character) _vJuvenile fiction. |
| 650 | 0 | _aReaders (Primary) | |
| 650 | 0 |
_aEnglish language _xReading comprehension. |
|
| 650 | 0 |
_aEnglish language _xStudy and teaching (Primary) |
|
| 650 | 0 |
_aMan-woman relationships _vJuvenile fiction. |
|
| 650 | 0 |
_aCourtship _vJuvenile fiction. |
|
| 650 | 0 |
_aFairies _vJuvenile fiction. |
|
| 651 | 0 |
_aAthens (Greece) _vJuvenile fiction. |
|
| 700 | 1 |
_aBursi, Simona, _eauthor. |
|
| 700 | 1 |
_aShakespeare, William, _d1564-1616. _tMidsummer night's dream. |
|
| 830 | 0 |
_aUsborne English readers. _nLevel 3. |
|
| 942 |
_2ddc _cNFIC |
||